A readers guide to great twentieth-century English novels /

Bibliographic Details
Main Author: Karl, Frederick R. (Frederick Robert), 1927-2004
Other Authors: Magalaner, Marvin, 1920-
Format: Book
Language:English
Published: New York : Noonday Press, [1959]
Subjects:

MARC

Tag First Indicator Second Indicator Subfields
LEADER 00000cam a2200000 4500
001 in00000021860
005 20151007063751.0
008 720707s1959 nyu b 00010 eng u
010 |a  59015127  
035 |a (OCoLC)00350428 
035 |9 AAD8200AM 
040 |c WSU  |d TXA  |d UtOrBLW 
049 |a TXAM  |c [318443] 
050 0 |a PR881  |b .K3 
092 |a 823.09  |b K18r 
100 1 |a Karl, Frederick R.  |q (Frederick Robert),  |d 1927-2004. 
245 1 2 |a A readers guide to great twentieth-century English novels /  |c by Frederick R. Karl & Marvin Magalaner. 
264 1 |a New York :  |b Noonday Press,  |c [1959] 
300 |a 293 pages ;  |c 22 cm. 
336 |a text  |b txt  |2 rdacontent 
337 |a unmediated  |b n  |2 rdamedia 
338 |a volume  |b nc  |2 rdacarrier 
504 |a Includes bibliograhies. 
536 |a From the Library of Harrison T. Meserole, 2002. 
650 0 |a English fiction  |y 20th century  |x History and criticism. 
700 1 |a Magalaner, Marvin,  |d 1920- 
999 |a MARS 
999 f f |s 31be86c6-8bc5-3f95-84c8-38b82663b5dc  |i ee010e30-3da8-3764-8979-8c182c32bd02  |t 0 
952 f f |p ric  |a Texas A&M University  |b Rellis Campus  |c Joint Library Facility  |d Remote Storage  |t 0  |e PR881 .K3  |h Library of Congress classification  |i unmediated -- volume  |m A14830049560 
952 f f |p normal  |a Texas A&M University  |b College Station  |c Sterling C. Evans Library  |d Evans: Library Stacks  |t 0  |e PR881 .K3  |h Library of Congress classification  |i unmediated -- volume  |m A14801335405 
998 f f |a PR881 .K3  |t 0  |l Evans: Library Stacks 
998 f f |a PR881 .K3  |t 0  |l Remote Storage